Small states, small districts or small blocks: The size of administrative units in independent India (Record no. 90673)

000 -LEADER
fixed length control field 01449pab a2200181 454500
008 - FIXED-LENGTH DATA ELEMENTS--GENERAL INFORMATION
fixed length control field 180718b2010 xxu||||| |||| 00| 0 eng d
100 ## - MAIN ENTRY--PERSONAL NAME
Personal name Tumbe, Chinmay
245 ## - TITLE STATEMENT
Title Small states, small districts or small blocks: The size of administrative units in independent India
260 ## - PUBLICATION, DISTRIBUTION, ETC.
Date of publication, distribution, etc. 2010
300 ## - PHYSICAL DESCRIPTION
Extent p.860-887.
362 ## - DATES OF PUBLICATION AND/OR SEQUENTIAL DESIGNATION
Dates of publication and/or sequential designation Oct-Dec
520 ## - SUMMARY, ETC.
Summary, etc. The recent Telangana agitation and the numerous demands for small states have once again brought the sportlight on the relationship between state size and development. This article presents facts on the size of states, districts and Blocks to broaden the discussion on administrative unit size and development. At all three administrative unit levels, the article discusses how the units have evolved since Independence, whether smaller units have out-performed larger units, whether an optimal size exists and the feasibility of creating new units in the future. We find some evidence that small states and small-area districts have better development indicators than their larger counterparts. Small states also tend to have smaller districts and smaller blocks than big states which suggests that `smallness" may help not only in better articulation of regional interests but also in better implementation of development programmes. - Reproduced.
650 ## - SUBJECT ADDED ENTRY--TOPICAL TERM
Topical term or geographic name entry element Public administration
650 ## - SUBJECT ADDED ENTRY--TOPICAL TERM
Topical term or geographic name entry element State
773 ## - HOST ITEM ENTRY
Main entry heading Indian Journal of Public Administration
908 ## - PUT COMMAND PARAMETER (RLIN)
Put command parameter N
909 ## -
-- 90673
Holdings
Withdrawn status Lost status Damaged status Not for loan Permanent Location Current Location Date acquired Serial Enumeration / chronology Barcode Date last seen Price effective from Koha item type
        Indian Institute of Public Administration Indian Institute of Public Administration 2018-07-19 Volume no: 56, Issue no: 4 AR91133 2018-07-19 2018-07-19 Articles

Powered by Koha